Detalles MARC
| 000 -LÍDER |
| Campo fijo de descripción fija |
01675nam a2200361 i 4500 |
| 001 - NÚMERO DE CONTROL |
| Campo de control |
768714001 |
| 003 - IDENTIFICADOR DEL NÚMERO DE CONTROL |
| Campo de control |
CO-MdFUSB |
| 005 - FECHA Y HORA DE LA ULTIMA TRANSACCIÓN |
| control field |
20211117162256.0 |
| 007 - CAMPO FIJO DE DESCRIPCIÓN FIJA--INFORMACIÓN GENERAL |
| Campo fijo de descripción fija |
ta |
| 008 - ELEMENTOS DE LONGITUD FIJA -- INFORMACIÓN GENERAL |
| Campo fijo de descripción fija -- Información general |
200619t1998 sp |||| |||| 00| 0 spa d |
| 020 ## - NÚMERO INTERNACIONAL NORMALIZADO PARA LIBROS |
| Número Internacional Normalizado del libro |
842881410 |
| Información adicional |
4 |
| 040 ## - FUENTE DE CATALOGACIÓN |
| Agencia de catalogación original |
CO-MdFUSB |
| Idioma de catalogación |
spa |
| Agencia que realiza la transcripción |
CO-MdFUSB |
| Agencia que realiza la modificación |
CO-MdFUSBC |
| Convenciones de la descripción |
rda |
| 041 ## - CÓDIGO DE IDIOMA |
| Código de idioma para texto/pista de sonido o título separado |
spa |
| 082 ## - NÚMERO DE CLASIFICACIÓN DECIMAL DEWEY |
| Número de la edición del Dewey |
23 |
| Número de clasificación |
306.432 |
| Clave de autor-Numero de item |
T688 |
| 100 ## - ASIENTO PRINCIPAL--NOMBRE PERSONAL |
| Nombre personal |
Torralba, Francesc |
| Fechas asociadas con el nombre |
1967 |
| Término relacionador |
autor |
| 245 ## - TÍTULO |
| Título del Material |
Pedagogía del sentido |
| Mención de responsabilidad, etc. |
/ Francesc Torralba |
| 250 ## - MENCIÓN DE EDICIÓN |
| Mención de edición |
Segunda edición |
| 264 1# - PRODUCCIÓN, PUBLICACIÓN, DISTRIBUCIÓN, MANUFACTURA, Y COPYRIGHT |
| Lugar de producción, publicación, distribución, manufactura |
Madrid, España : |
| Nombre del productor, publicador, distribuidor |
PPC, |
| Fecha de producción, publicación, distribución, manufactura, o copyright |
[1998] |
| 264 4# - PRODUCCIÓN, PUBLICACIÓN, DISTRIBUCIÓN, MANUFACTURA, Y COPYRIGHT |
| Fecha de producción, publicación, distribución, manufactura, o copyright |
©1998 |
| 300 ## - DESCRIPCIÓN FÍSICA |
| Dimensiones |
182 páginas ; |
| Extensión |
21 cm |
| 336 ## - TIPO DE CONTENIDO |
| Fuente |
rdacontent |
| Término de tipo de contenido |
texto |
| Código de tipo de contenido |
txt |
| 337 ## - TIPO DE MEDIO |
| Fuente |
rdamedia |
| Nombre del tipo de medio |
sin mediación |
| Código del tipo de medio |
n |
| 338 ## - TIPO DE SOPORTE |
| Fuente |
rdacarrier |
| Nombre del tipo de soporte |
volumen |
| Código Tipo de soporte |
nc |
| 504 ## - NOTA DE BIBLIOGRAFÍA, ETC. |
| Nota de bibliografía, etc |
Bibliografía (páginas 177-178) |
| 505 ## - NOTA DE CONTENIDO |
| Nota de contenido con formato preestablecido |
Prólogo. La pedagogía del sentido -- Claves antropológicas del sentido -- Claves pedagógicas del sentido -- La pregunta por el sentido -- La apertura al lenguaje simbólico -- La experiencia del silencio -- La escritura y la música -- El maestro: Testigo simbólico -- Epílogo. Una educación que transmita sentido. |
| 520 ## - NOTA DE RESUMEN, ETC. |
| Nota de sumario, etc. |
El ser humano alcanza su madurez como persona cuando se enfrenta a sí mismo y da respuesta al sentido último de su existencia. Por eso, si educar es despertar a la persona, la educación debe integrar en su seno la pregunta más interpelante y acuciante de la condición humana. Una educación que no la trasmita sentido no es una auténtica educación humana, sino puro automatismo funcional. |
| 563 ## - NOTA DE ENCUADERNACIÓN |
| Nota de encuadernación |
Rústico |
| 650 #0 - ASIENTO SECUNDARIO DE MATERIA - TERMINO TEMÁTICO |
| 9 (RLIN) |
984 |
| Término temático o nombre geográfico como elemento de entrada |
Educación |
| 653 ## - TÉRMINO DE INDIZACIÓN - NO CONTROLADO |
| Término no controlado |
Escuela y sociedad. |
| 653 ## - TÉRMINO DE INDIZACIÓN - NO CONTROLADO |
| Término no controlado |
Pedagogía. |
| 942 ## - TIPO DE MATERIAL (KOHA) |
| Tipo de Item KOHA |
Libros General |
| 945 ## - INFORMACIÓN LOCAL DEL REGISTRO |
| Catalogador |
Dani |